Laporan Pelaksanaan Program Transformasi Kerajaan NKRA Membenteras Rasuah Jabatan Kastan Diraja Malaysia 2011 (Record no. 4843)

000 -LEADER
fixed length control field nam a22 7a 4500
005 - DATE AND TIME OF LATEST TRANSACTION
control field 20200826100105.0
008 - FIXED-LENGTH DATA ELEMENTS--GENERAL INFORMATION
fixed length control field 0825 s2011 my ||||| |||| 00| 0 may d
040 ## - CATALOGING SOURCE
Original cataloging agency AKMAL
082 ## - DEWEY DECIMAL CLASSIFICATION NUMBER
Classification number 352.448595 JKDM
090 ## - LOCALLY ASSIGNED LC-TYPE CALL NUMBER (OCLC); LOCAL CALL NUMBER (RLIN)
Classification number (OCLC) (R) ; Classification number, CALL (RLIN) (NR) 352.448595
Local cutter number (OCLC) ; Book number/undivided call number, CALL (RLIN) JKDM
245 10 - TITLE STATEMENT
Title Laporan Pelaksanaan Program Transformasi Kerajaan NKRA Membenteras Rasuah Jabatan Kastan Diraja Malaysia 2011
Remainder of title Jabatan Kastam Diraja Malaysia 2011
Statement of responsibility, etc. Sekretariat Pemantauan Prestasi Kastam (PEMANTAU) ,Bahagian Perancangan Korporat,Jabatan Kastam Diraja Malaysia .
260 ## - PUBLICATION, DISTRIBUTION, ETC.
Place of publication, distribution, etc. Putrajaya;
Name of publisher, distributor, etc. Bahagian Perancangan Korporat, Ibu Pejabat Jabatan Kastam Diraja Malaysia
Date of publication, distribution, etc. 2011
300 ## - PHYSICAL DESCRIPTION
Extent 40mukasurat:
Other physical details il. wrn.:
Dimensions 29cm
650 10 - SUBJECT ADDED ENTRY--TOPICAL TERM
Topical term or geographic name entry element Customs
General subdivision Transformation Programme
Geographic subdivision Malaysia
9 (RLIN) 7779
650 20 - SUBJECT ADDED ENTRY--TOPICAL TERM
Topical term or geographic name entry element Customs Administration
General subdivision Law and legislation
Geographic subdivision Malaysia
9 (RLIN) 7780
710 2# - ADDED ENTRY--CORPORATE NAME
Corporate name or jurisdiction name as entry element Jabatan Kastam Diraja Malaysia.
Subordinate unit Sekretariat Pemantauan Prestasi Kastam (PEMANTAU) ,Bahagian Perancangan Korporat .
9 (RLIN) 6800
942 ## - ADDED ENTRY ELEMENTS (KOHA)
Source of classification or shelving scheme
Koha item type Book
950 ## - LOCAL HOLDINGS (RLIN)
Permanent shelving location, LOC (RLIN) AKMAL

No items available.

Pusat Sumber Maklumat Dato' Haji Sarmin Md Hussin, Akademi Kastam Diraja Malaysia, Melaka
Tel: 06-2331106 | Faks: 06-2313787